书目信息 |
| 题名: |
观赏植物病虫草害
|
|
| 作者: | 首都绿化委员会办公室 主编 | |
| 分册: | ||
| 出版信息: | 北京 中国林业出版社 2000.01 |
|
| 页数: | 130页 | |
| 开本: | 32开 | |
| 丛书名: | ||
| 单 册: | ||
| 中图分类: | S436.8 | |
| 科图分类: | ||
| 主题词: | 植物--病虫害 , 植物--病虫害防治方法 | |
| 电子资源: | ||
| ISBN: | 7-5038-2464-6 | |
| 000 | 00631nam0 2200193 45 | |
| 001 | 0008020801 | |
| 005 | 20000802090304.9 | |
| 010 | @a7-5038-2464-6@dRMB 16.00 | |
| 100 | @a20000802d2000 km y0chiy0120 ea | |
| 101 | 0 | @achi |
| 200 | 1 | @a观赏植物病虫草害@AGuan Shang Zhi Wu Bing Chong Cao Hai@f首都绿化委员会办公室主编@FShou Du Lu Hua Wei Yuan Hui Ban Gong Shi Zhu Bian |
| 210 | @a北京@c中国林业出版社@d2000.01 | |
| 215 | @a130页@d32开 | |
| 606 | 0 | @a植物@x病虫害 |
| 606 | 0 | @a植物@x病虫害防治方法 |
| 690 | @aS436.8@v3 | |
| 701 | 0 | @a首都绿化委员会办公室@4主编 |
| 801 | @aCN@bPftUser@c20000802 | |
| 905 | @b83917-921@dS436.8@eS:472@f5 | |
| 观赏植物病虫草害/首都绿化委员会办公室主编.-北京:中国林业出版社,2000.01 |
| 130页;32开 |
| ISBN 7-5038-2464-6:RMB 16.00 |
| ● |
| 相关链接 |
|
|
|
正题名:观赏植物病虫草害
索取号:S436.8/S:472
 
预约/预借
| 序号 | 登录号 | 条形码 | 馆藏地/架位号 | 状态 | 备注 |
| 1 | 359408 | 203594084 | 自科库401/401自科库 67排3列5层/ [索取号:S436.8/S:472] | 在馆 | |
| 2 | 359409 | 203594093 | 自科库401/401自科库 67排3列5层/ [索取号:S436.8/S:472] | 在馆 | |
| 3 | 359410 | 203594100 | 自科库401/401自科库 67排3列5层/ [索取号:S436.8/S:472] | 在馆 | |
| 4 | 83917 | 200839174 | 自科库401/401自科库 67排3列5层/ [索取号:S436.8/S:472] | 在馆 | |
| 5 | 83918 | 200839183 | 自科库401/401自科库 67排3列5层/ [索取号:S436.8/S:472] | 在馆 | |
| 6 | 83919 | 200839192 | 自科库401/401自科库 67排3列5层/ [索取号:S436.8/S:472] | 在馆 | |
| 7 | 83920 | 200839209 | 自科库401/401自科库 67排3列5层/ [索取号:S436.8/S:472] | 在馆 | |
| 8 | 83921 | 200839218 | 期刊室512/401自科库 67排3列5层/ [索取号:S436.8/S:472] | 在馆 |